Blok Ekipa - Statystyki

Ogólne statystyki
  • Ten quiz został rozwiązany 1 187 razy
  • Średni wynik to 16 z 26
Statystyki odpowiedzi
Hint Odpowiedź % Poprawnych
Główny bohater, mięśniak, niezbyt inteligentny Spejson
99%
Główny bohater, kierowca Wojtas
98%
Konfident Rudy
97%
Główny antagonista i rywal Spejsona Cieślak
94%
Główny bohater, mózg ekipy Walo
91%
Lokalna prostytutka, amatorka sztucznej opalenizny Solaris
86%
Spowodował pożar Katedry Notre Dame, awarię rurociągu w oczyszczalni Czajka i parę innych awarii, ojciec głównego bohatera Pan Wiesio
82%
Zmęczony życiem emeryt, cierpi na chroniczne gazy Wiesław Paleta
79%
Piwo pite przez ekipę Dzik
77%
Osiedle, na którym toczy się akcja Grochów
74%
Jego przebojów słucha ekipa, stworzony na wzór twórcy serialu Cjalis
73%
Lokal, w którym przesiadują ziomeczki Speluno
73%
Przyjaciółka wyżej wymienionej Łysa
68%
Siedział w więzieniu za postrzelenie listonosza Kołacina
62%
Szkolny kolega Cieślaka, przez którego ten musiał powtarzać klasę Ziółek
60%
Gnębił Spejsona w podstawówce, obecnie pracuje w policji Buda
50%
Gruby diler, pracownik Mussolini Pizza. Walczył w zawodach MMA. Maciora
45%
Samochód Rudego (marka i model) Opel Corsa
44%
Żona wyżej wymienionego Grażyna Puchacka
41%
Siostra jednego z bohaterów Królowa dzielni
39%
Żuł gumę na cyklu sterydowym, przez co urosły mu policzki Stulej
37%
Ośrodek wypoczynkowy na Mazurach Locha Prośna
30%
Mieszkają tam prawosławni kibole Legii Tarchomin
29%
Pies ciotki Spejsona, potrafi hipnotyzować Omen
27%
Samochód Pana Wiesia (marka i model) Daewoo Nubira
18%
Trener Muay-Thai Huj Ping Pong
14%
Nie znaleziono quizów pasujących do podanych kryteriów
Rozkład punktacji
Procent ludzi z każdym wynikiem
Percentyl według liczby udzielonych odpowiedzi
Twoja historia wyników
Nie rozwiązałeś tego quizu